Teatro completo
Salvato in:
| Autore principale: | |
|---|---|
| Natura: | Libro |
| Lingua: | spagnolo |
| Pubblicazione: |
Buenos Aires
Sudamericana
1958
|
| Serie: | Colección Teatro
|
| Soggetti: | |
| Tags: |
Aggiungi Tag
Nessun Tag, puoi essere il primo ad aggiungerne!!
|
MARC
| LEADER | 00000cam a2200000 a 4500 | ||
|---|---|---|---|
| 001 | UCZ0895 | ||
| 003 | CL-VaPUC | ||
| 005 | 20240604092220.0 | ||
| 008 | 950810e19580000AG |||||||||||||||||spa|d | ||
| 999 | |c 237762 |d 237760 | ||
| 040 | |c Pontificia Universidad Católica de Valparaíso | ||
| 082 | 0 | 4 | |a 891.702 |b PUS |2 21 |
| 100 | 0 | |a Pushkin, Alexander Sergéevich |e author |9 344189 | |
| 245 | 1 | 0 | |a Teatro completo |
| 260 | |a Buenos Aires |b Sudamericana |c 1958 | ||
| 300 | |a 246 p | ||
| 490 | 0 | |a Colección Teatro | |
| 500 | |a Contiene: Boris Godrenov, Una escena del Fausto, Mozart y Salieri, El caballero avaro, El festin durante la peste, El convidado de piedra, Onidna | ||
| 583 | |a last modification |c 20140314 04:27:33 |k Rodrigo Vera | ||
| 650 | 0 | |a Teatro ruso |2 CL-VaPUC |9 322921 | |
| 650 | 0 | |a Dramas rusos |9 267682 | |
| 650 | 0 | |a Crítica e interpretación |9 255042 | |
| 942 | |c BK |2 ddc | ||
| 945 | |d 19950810 00:00:00 |a rbrito | ||
| 952 | |0 0 |1 0 |4 0 |6 891_702000000000000_PUS_1958 |7 0 |8 A |9 247442 |a BIBEDU |b BIBEDU |d 2019-11-18 |i 3103846 |o 891.702 PUS 1958 |p 3103846 |r 2019-11-18 |w 2019-11-18 |y BK |k LIT | ||
| 952 | |0 0 |1 0 |4 0 |6 891_702000000000000_PUS_1958 |7 0 |8 A |9 247443 |a BIBEDU |b BIBEDU |d 2019-11-18 |i 1462997 |o 891.702 PUS 1958 |p 1462997 |r 2019-11-18 |w 2019-11-18 |y BK |k LIT | ||
| 952 | |0 0 |1 0 |3 erb |4 0 |6 891_702000000000000_PUS_1958 |7 0 |8 A |9 247444 |a BIBART |b BIBART |i 5055350 |o 891.702 PUS 1958 |p 5055350 |r 2025-03-13 |w 2019-11-18 |y BK |z Catalogado en:20140317 |k ART | ||